Дело по указу Правительствующего Сената о предании коллежского секретаря Ермилина суду

Доступно только в Электронных читальных залах Найти на картеНа карте
RUSMARC
00003695nmc2a22000003x 450
001708240e1-0aef-4668-b69a-e796833a12c0
00520200131201941.0
100##$a20180403l18551859k l0rusy0189 ca
1010#$arus
102##$aRU
2001#$aДело по указу Правительствующего Сената о предании коллежского секретаря Ермилина суду
$j2 мая 1855 г. - 9 января 1859 г.
251##$cДело
300##$aДело
801#0$aRU
$bРГИА
$c20180403
$gRCR
801#1$aRU
$bГлавНИВЦ
$c20180403
$2rusmarc
801#2$aRU
$bПБ им. Б.Н. Ельцина
$c20200131
$gRCR
$2rusmarc
850##$aРГИА
852##$aРГИА
$eФедеральное казенное учреждение "Российский государственный исторический архив" (РГИА)
$j147
937##$hРГИА
$d12274770
$aASBIBLIO_SCAN
462#0$1001a155281c-31fd-4ebf-bc41-b17b201574d6
$12001
$aДела Департамента полиции исполнительной МВД за 1855 год
$1251
$cОпись
$1852
$j16
$l1855 г.
461#0$10013e300ed0-cd39-49af-8489-5ba5b90fa401
$12001
$aДепартамент полиции исполнительной МВД
$1251
$cФонд
$1852
$j1286
215##$a37 л.
$d36,5х26 см
371##$aДокумент не является опубликованным и широко распространяемым
105##$ay###
1222#$ad
035##$a708240e1-0aef-4668-b69a-e796833a12c0
856##$uhttp://readingroom.main.prlib.ru/item.aspx?id_node=n137998065&mode=full
Формат отображения